000 01663nam0a2200337 4500
001 RU\NLR\bibl\864719
005 20260405075241.0
010 _a5-9727-0001-8
_93000
021 _aRU
_b2005-61064
_92995
035 _a(nilc)RSL-KNO-002600040
035 _a(NLR Aleph) 000853379
090 _a1494229
_c1494229
100 _a20051101d2005 |||y0rusy50 ca
101 0 _arus
102 _aRU
105 _ay |||||||||
200 1 _aРасходы фирмы: все, что должен знать бухгалтер, чтобы не платить лишних налогов
_e[с учетом всех изменений по налогу на прибыль с 1 января 2006 г.]
_fпод общ. ред. А.В. Петрова
210 _aМосква
_cБератор-паблишинг
_d2005
215 _a396 с.
_d21
300 _aНа обл.: А.В. Петров и редакция журнала "Практическая бухгалтерия"
606 1 _aНалоговый учет
_yРоссийская Федерация
_92265526
_3RU\NLR\auth\661358135
610 0 _aЭкономика -- Учет -- Российская Федерация -- Бухгалтерский учет -- Налоговая бухгалтерия
686 _aУ052.9(2)226.13,0
_2rubbk
686 _aУ052.9(2)226.141.3
702 1 _4340
_8rus
_7ca
_aПетров
_bА. В.
_cэкономист; налогообложение
_gАндрей Викторович
_3RU\NLR\auth\7726844
_99882
801 0 _aRU
_bRuMoRKP
_c20050513
_grcr
801 1 _aRU
_bRuMoRGB
_c20050513
801 2 _aRU
_bNLR
_c20051013
_grcr
942 _cBOOK
980 _aNB